000 00773nam a2200181 a 4500
005 20260112063311.0
039 _a201211120333
_bstaff
_c201211060448
_d staff
_y 201211060447
_z staff
082 _a658.15404
_bMEH
100 _aMehta
_bDeep Mahesh (2010PGP014)
245 _aFinancing Infrastructure Projects /
_cDeep Mahesh Mehta
260 _aShillong:
_bRajiv Gandhi Indian Institute of Management
_c2011
300 _a84p.:
_bill. fig, table;
_c29cm
490 _aSummer Internship Report submitted in partial fulfillment of the requirements for the award of the post Graduate Diploma in Management (2010-2012)
650 _aFinancial aspects
_x Project management
991 _aVIRTUA40
991 _aVTLSSORT0080*0820*1000*2450*2600*3000*4900*6500*9992
909 _a4460
999 _c3946
_d3946